000 02718nam a22002777a 4500
005 20140925152240.0
008 140825s1925 fr ||||fr|||| 001 0 fresd
040 _cSandra Yazo
_dSandra Yazo
041 0 _alat
082 0 4 _220
_a340.09
092 _aE32N025
100 1 _aEsmein, A.
_d1848-1913
_q(Adhémar)
_963950
242 0 0 _aCurso básico de Historia del Derecho Francés, para uso de los alumnos del primer año.
_cPor A. Asmein
_yspa
245 1 0 _aCours élémentaire d’Histoire du Droit français à l’usage des étudiants de première année.
_cPar A. Esmein
250 _aQuinzième édition mise à jour [Decimaquinta edición],
_bpar R. Génestal ... [actualizada por R. Génestal]
260 _aParís [Francia]
_bLibrairie de la societe a me Du Recueil Sirey [Librería de la Compañía de Recopilaciones Sirey]
_bImpriemerie Y. Cardiret [Imprenta de Y. Cadoret]
_c1925
300 _aix, [3], 784 páginas
_c22 x 14 cm.
500 _aDetalles físicos: Encuadernación rígida (holandesa) en cartón forrado en papel. Lomo en cuero, con nervaduras sobre costuras. Tapas con dobleces. Adornos en dorado y repujados. Guardas en papel impreso, imitando papel de agua. Hoja de cortesía. Anteportada. Portada impresa en una sola tinta en varios tipos de letra. Texto impreso en una sola columna. Notas de pie de página. Lomo con residuos de cinta pegante.
505 0 _aLos orígenes: Las instituciones romanas en Galia en los siglos IV y V ; Las costumbres germánicas y el establecimiento de los bárbaros en Galia ; Instituciones de la monarquía francesa ; La Iglesia en el Imperio Romano y durante la monarquía franca -- La sociedad feudal: Principios del sistema feudal ; Condición de las tierras y estado de las personas ; La guerra, la justicia y el fisco ; La Iglesia ; Las ciudades -- Desarrollo del poder real y antiguo régimen: Reconstrucción de la unidad nacional ; Las principales instituciones públicas (del siglo XI al siglo XVIII): La justicia ; Ministros ; Consejos ; Poder legislativo ; Estados Generales ; Derechos políticos de los parlamentos y de las cortes soberanas ; Los impuestos ; Administración provincial ; Libertades locales ; Poder Real ; Los cultos religiosos ; Estado de las personas ; Régimen de los oficios y del comercio ; La costumbre y el derecho romano ; Las Ordenanzas ; El Derecho Canónico.
506 _aConsulta en sala
546 _aTexto en francés
586 _aOuvrage couroné par l’Academie des Sciences morales et politiques [Obra premiada por la Academia de Ciencias Morales y Políticas]
650 7 _aDerecho
_xHistoria
_zFrancia
_962746
690 _942919
_aTeoría del derecho
942 _cLIBRO
_e1
_2LOCAL
_hE32N025
999 _c296701
_d296701